000 00653nam a22001817a 4500
003 UA-OsUOA
001 15461
007 ta
008 20031111b un ||||| |||| 00| 0 ukr d
100 _aЦимбалюк М.
942 _cSA
040 _aUA-OsUOA
_cUA-OsUOA
_dUA-OsUOA
245 _aВ мені бореться людина і керівник : [Бесіда з нач. УМВС у Рівнен. обл. М.Цимбалюком ]
_cМ. Цимбалюк; /Розмовляла І Макаренко
300 _aС.3
955 _a0
773 0 _w0
_tОго
_dРівне
_d2003
_g№131/5 серп./
650 7 _aКраєзнавча робота
_2UDC
999 _c301626
_d301626